000
00265nam a2200121Ia 4500
008
190216s9999||||xx |||||||||||||| ||und||
100
_a
Ravindra & Brij
245
0
_a
College Botany
260
_b
S Chand & Co
300
_a
427p
650
_a
Botany
942
_c
BK
999
_c
1073
_d
1073